Predstavujeme vám seriál FT Mastering Enterprise

Definícia a význam podnikania. Vymedzenie pojmov management buy-in a franchising. Marketingová pozícia. Podnikateľ a jeho správanie sa. Šesť rozmerov podnikania.

Guardado en:
Detalles Bibliográficos
Formato: Capítulo de libro
Lenguaje:eslovaco
Materias:
Etiquetas: Agregar Etiqueta
Sin Etiquetas, Sea el primero en etiquetar este registro!

MARC

LEADER 00000naa a2200000 4500
001 r034221
005 20230919123754.4
041 0 |a slo 
044 |a SK 
245 1 0 |a Predstavujeme vám seriál FT Mastering Enterprise 
520 |a Definícia a význam podnikania. Vymedzenie pojmov management buy-in a franchising. Marketingová pozícia. Podnikateľ a jeho správanie sa. Šesť rozmerov podnikania. 
610 2 0 |a podnikanie 
610 2 0 |a podnik 
610 2 0 |a podnikatelia 
610 2 0 |a franchising 
610 2 0 |a manažerizmus 
610 2 0 |a manažment 
610 2 0 |a kreativita 
610 2 0 |a činnosť konkurenčná 
610 2 0 |a stratégia podniková 
610 2 0 |a odkúpenie podniku